000 00514nam a2200181Ia 4500
005 20250508152923.0
008 008 250505s9999 xx 000 0 hin d
037 _aTextual
040 _aFEDL
_beng
_cFEDL
041 _ahin
_2eng
084 _a784.93, PAL
_qFEDL
100 _aPaluskar Vishnu Digbarji
_9762748
245 0 _aSangeet baal prakash. Part 2
260 _aPune, India
_bDuttatrya Vishnu Palshkar
_c1954
300 _a74p.
942 _cTEXL
_h784.93, PAL
999 _c1339614
_d1339614